Harrison's neurology in clinical medicine (Record no. 78)

000 -LEADER
fixed length control field 01849cam a22004458i 4500
001 - CONTROL NUMBER
control field 945434423
003 - CONTROL NUMBER IDENTIFIER
control field OCoLC
005 - DATE AND TIME OF LATEST TRANSACTION
control field 20241110181014.0
006 - FIXED-LENGTH DATA ELEMENTS--ADDITIONAL MATERIAL CHARACTERISTICS
fixed length control field m o d
007 - PHYSICAL DESCRIPTION FIXED FIELD--GENERAL INFORMATION
fixed length control field cr |||||||||||
008 - FIXED-LENGTH DATA ELEMENTS--GENERAL INFORMATION
fixed length control field 160321s2017 nyu ob 001 0 eng
010 ## - LIBRARY OF CONGRESS CONTROL NUMBER
LC control number 2016013648
020 ## - INTERNATIONAL STANDARD BOOK NUMBER
International Standard Book Number 9781259835865
035 ## - SYSTEM CONTROL NUMBER
System control number (OCoLC)945434423
040 ## - CATALOGING SOURCE
Original cataloging agency DLC
Language of cataloging eng
Description conventions rda
Transcribing agency DLC
Modifying agency OCLCQ
-- CUY
-- OCLCO
-- OCLCF
-- CUY
-- OCLCA
042 ## - AUTHENTICATION CODE
Authentication code pcc
049 ## - LOCAL HOLDINGS (OCLC)
Holding library YYEA
080 ## - UNIVERSAL DECIMAL CLASSIFICATION NUMBER
Universal Decimal Classification number 616.8
Item number H-25
100 ## - MAIN ENTRY--PERSONAL NAME
9 (RLIN) 101
Personal name Kasper,L. Dennis
245 00 - TITLE STATEMENT
Title Harrison's neurology in clinical medicine
Statement of responsibility, etc. editor, Stephen L. Hauser ; associate editor, S. Andrew Josephson.
246 3# - VARYING FORM OF TITLE
Title proper/short title Neurology in clinical medicine.
246 3# - VARYING FORM OF TITLE
Title proper/short title Harrison's principles of internal medicine.
250 ## - EDITION STATEMENT
Edition statement 4th ed.
260 ## - PUBLICATION, DISTRIBUTION, ETC.
Place of publication, distribution, etc. New York :
Name of publisher, distributor, etc. McGraw-Hill Education Medical,
Date of publication, distribution, etc. 2017
263 ## - PROJECTED PUBLICATION DATE
Projected publication date 1610.
300 ## - PHYSICAL DESCRIPTION
Extent 928 p.
Other physical details ill
365 ## - TRADE PRICE
Price amount 21 usd
500 ## - GENERAL NOTE
General note Abridgement of: Harrison's Principles of Internal Medicine / editors, Dennis L. Kasper, Anthony S. Fauci, Stephen L. Hauser, Dan L. Longo, J. Larry Jameson, Joseph Loscalzo. 19th edition. [2015].
500 ## - GENERAL NOTE
General note EINSTEIN: available online vai AccessNeurology.. See Reference staff for assistance.
504 ## - BIBLIOGRAPHY, ETC. NOTE
Bibliography, etc. note Includes bibliographical references and index.
650 #2 - SUBJECT ADDED ENTRY--TOPICAL TERM
Topical term or geographic name entry element Nervous System Diseases.
650 #0 - SUBJECT ADDED ENTRY--TOPICAL TERM
Topical term or geographic name entry element Neurology
9 (RLIN) 100
653 ## - INDEX TERM--UNCONTROLLED
Uncontrolled term ნევროლოგია
653 ## - INDEX TERM--UNCONTROLLED
Uncontrolled term ნერვული სისტემა
700 1# - ADDED ENTRY--PERSONAL NAME
Personal name Hauser, Stephen L.
700 1# - ADDED ENTRY--PERSONAL NAME
Personal name Josephson, Scott Andrew.
730 0# - ADDED ENTRY--UNIFORM TITLE
Relationship information Abridgement of (work):
Uniform title Harrison's principles of internal medicine.
Version 19th edition.
776 08 - ADDITIONAL PHYSICAL FORM ENTRY
Relationship information Print version:
Title Harrison's neurology in clinical medicine.
Edition Fourth edition.
Place, publisher, and date of publication New York : McGraw-Hill Education Medical, [2017]
International Standard Book Number 9781259835865
Record control number (DLC) 2016013115
-- (OCoLC)945434337.
942 ## - ADDED ENTRY ELEMENTS (KOHA)
Source of classification or shelving scheme
Koha item type Books
Edition 4
Holdings
Withdrawn status Lost status Source of classification or shelving scheme Damaged status Not for loan Permanent location Current location Date acquired Inventory number Full call number Barcode Date last seen Price effective from Koha item type Total Checkouts
          Ken Walker International University Ken Walker International University 11/06/2020 95 616.8 H-25 95 11/06/2020 11/06/2020 Books  
          Ken Walker International University Ken Walker International University 11/18/2020 1113 616.8 H-25 1113 11/18/2020 11/18/2020 Books  
          Ken Walker International University Ken Walker International University 11/18/2020 1112 616.8 H-25 1112 11/18/2020 11/18/2020 Books  

Powered by Koha